U.S. States with the most Hispanics - Statistics

General Stats
  • This quiz has been taken 27 times
  • The average score is 13 of 15
Answer Stats
Hint Answer Population % % Correct
1 California 15,779,000 40.16%
100%
13 New Mexico 1,026,610 48.42%
100%
6 Arizona 2,313,810 31.36%
96%
3 Florida 6,146,160 27.42%
96%
2 Texas 11,991,500 39.72%
96%
4 New York 3,936,080 19.83%
92%
5 Illinois 2,387,050 18.8%
88%
7 New Jersey 2,098,960 22.46%
88%
8 Colorado 1,320,940 22.53%
84%
10 Georgia 1,204,620 11.01%
84%
15 Nevada 943,569 29.63%
84%
11 Pennsylvania 1,135,280 8.72%
84%
9 North Carolina 1,213,850 11.31%
80%
14 Virginia 959,089 11.02%
72%
12 Washington 1,123,610 14.38%
72%
No matching quizzes found
Score Distribution
Percent of People with Each Score
Percentile by Number Answered
Your Score History
You have not taken this quiz